| 000 | 00477nam a2200181Ia 4500 | ||
|---|---|---|---|
| 001 | 23728 | ||
| 005 | 20260414150956.0 | ||
| 008 | 260414t9999||||xx |||||||||||||| ||spa|| | ||
| 041 | _aESP | ||
| 082 |
_a700 _bW14 |
||
| 100 |
_aWaetzoldt, Wilhelm _eAUT |
||
| 245 | 0 |
_aTú y el arte : _bintroducción a la contemplación artística y a la historia del arte |
|
| 260 | _c0 | ||
| 300 |
_a345 páginas : _c22 cm. |
||
| 650 | _aABD | ||
| 654 | _aCAU | ||
| 942 |
_cLIB _dJUS _fJUS _2ddc _n |
||
| 999 |
_c23728 _d23728 |
||